Footballeurs par les lettre X ou Y - Statistiques

Statistiques générales
  • Ce quiz a été pris 85 fois
  • Le résultat moyen est 7 sur 11
Statistiques - réponses
Par images Réponse % Correct
Yamal
100%
Xavi
99%
Xhaka
94%
Yashin
89%
Yilmaz
78%
Young
78%
Yarmolenko
54%
Xeka
53%
Yazici
51%
Yoshida
20%
Yedlin
16%
Aucun quiz correspondant
Distribution des résultats
% des personnes avec chaque résultat
Percentile par nombre de réponses
Votre historique - résultats
Vous n’avez pas pris ce quiz